00353nam a2200133Ia 4500008004100000041000800041082001600049100002100065245004500086250001400131260003500145300003200180365000700212240624s9999 xx 000 0 und d aeng a659.144 KUE aKUEGLER THOMAS J aWEB ADVERTISING AND MARKETING MAKE THE W a(3rd ed.) c2000aNew DelhibPrentice-Hall axxiv, : 536 : p. : cm. ; 24 cRS